| 000 | 01655nam a22004097a 4500 | ||
|---|---|---|---|
| 003 | CHAP | ||
| 005 | 20220329143609.0 | ||
| 008 | 100816s2010 mx r 00010 spa d | ||
| 010 | _a99081 | ||
| 011 | _a100053 | ||
| 035 | _a110739 | ||
| 040 | _cCHAP | ||
| 090 | _aTesis | ||
| 100 | 1 |
_aPérez Díaz, Oriana Lizet. _989617 |
|
| 245 | 1 | 0 |
_aCompetitividad de las organizaciones de productores de café orgánico y reconversión productiva en el Soconusco, Chiapas _c/por Oriana Lizet Pérez Díaz |
| 260 |
_aChapingo, Méx. : _bEl autor, _c2010 |
||
| 300 |
_aviii, 230 h. : _bilus. , cuadros, gráfs., mapas |
||
| 502 | _aTesis (Lic. en Economía Agrícola) -- UACH. División de Ciencias Económicas - Administrativas | ||
| 530 | _aTambién disponible en línea | ||
| 590 |
_aALEPH _b10 _c20130110 _lUCH01 _h1535 |
||
| 590 |
_aBATCH-UPD _b10 _c20130110 _lUCH01 _h1355 |
||
| 590 |
_aBATCH-UPD _b10 _c20130410 _lUCH01 _h0849 |
||
| 590 |
_aBATCH-UPD _b10 _c20130914 _lUCH01 _h0807 |
||
| 590 |
_aBATCH-UPD _b10 _c20140324 _lUCH01 _h1519 |
||
| 590 |
_aBATCH-UPD _b10 _c20141002 _lUCH01 _h0844 |
||
| 590 |
_aCONVERSION _b10 _c20130109 _lUCH01 _h1355 |
||
| 650 | 1 | 4 |
_aCafé orgánico. _917217 |
| 650 | 1 | 4 |
_aCafé _xAspectos económicos _xChiapas. _917095 |
| 650 | 1 | 4 |
_aCafé _xCostos de producción. _917120 |
| 650 | 1 | 4 |
_aCompetencia. _926091 |
| 650 | 1 | 4 |
_aOrganización de productores. _983544 |
| 856 |
_3Finding aid _uhttp://10.13.5.2/tesis/110739.pdf _zTeclea aqui |
||
| 901 | _aBK | ||
| 942 | _cFOLL | ||
| 949 |
_aTesis _bBC _cTES _d33724002178678 _eTS2 _fc.2 _gDonaciØn _h50971 _i110739 _sb |
||
| 949 |
_aTesis _bBC _cTES _d33724002178710 _eTS1 _gDonaciØn _h50970 _i110739 _sb |
||
| 999 |
_c99081 _d99081 |
||